| 000 | 00615nam a2200205 a 4500 | ||
|---|---|---|---|
| 001 | 27877 | ||
| 003 | BD-RjUL | ||
| 005 | 20211209051219.0 | ||
| 008 | 140327s1948 enk 000 0 eng d | ||
| 035 | _a(BD-RjUL)27957 | ||
| 040 |
_aEQO _cEQO _beng _dBD-RjUL |
||
| 041 | _aeng | ||
| 082 | 0 | 0 |
_a962 _bMOC Pt-2 1948 |
| 100 | 1 |
_aMosharrafa, M. M. _q(Moustafa M.) _985508 |
|
| 245 | 1 | 0 |
_aCultural survey of modern Egypt / _cby M. M. Mosharrafa. _nPart Two |
| 260 |
_aLondon : _bLongmans, Green & Co., _c1948. |
||
| 300 |
_aviii, 71 p. ; _bill. ; _c25cm. |
||
| 651 | 0 |
_aEgypt _xCivilization _y1798. _985509 |
|
| 942 |
_2ddc _cBK |
||
| 999 |
_c27877 _d27877 |
||